| 000 | 00358 a2200133 4500 | ||
|---|---|---|---|
| 001 | 89216 | ||
| 082 | _a796.358092 SHO | ||
| 090 |
_c42167 _d42167 |
||
| 100 | _aAnshu Dogra | ||
| 245 |
_aControversially yours ; Shoaib Akhtar _cShoaib Akhtar |
||
| 260 |
_aIndia _bHarperCollins _c2013 |
||
| 300 | _aix, 180 p. | ||
| 740 | _acrickter biography; sportsman | ||
| 942 |
_aCAE NUST _k796.358092 SHO |
||
| 999 |
_c324289 _d324289 |
||